Statistics for Country And Capitals Pairings Beginning And Ending In Vowel

Click here to take the quiz!

General Stats

  • This quiz has been taken 24 times
  • The average score is 3 of 6

Answer Stats

Answer% Correct
Ethiopia
84%
Andorra
79%
Eritrea
79%
Addis Ababa
21%
Asmara
11%
Andorral La Vella
0%

Score Distribution

Percentile by Number Answered

Percent of People with Each Score

Your Score History

You have not taken this quiz